| 000 | 00498nam a22001817a 4500 | ||
|---|---|---|---|
| 005 | 20240516114757.0 | ||
| 008 | 240516b |||||||| |||| 00| 0 eng d | ||
| 020 | _a0-02-354856-8 | ||
| 082 |
_a006.6 _bHIL-C |
||
| 100 | _aHill;F.S.Jr. | ||
| 245 |
_aComputer Graphics/ _bUsing Open GL/ _cF.S.Hill, Jr. |
||
| 250 | _a2nd ed. | ||
| 260 |
_aUSA; _bPrentice Hall; |
||
| 300 |
_axxxi, 922 p.: _bill.; _c24 cm. |
||
| 500 | _aInclude Index. | ||
| 650 | _aComputer Science/Computer Graphics | ||
| 999 |
_c35781 _d35781 |
||